000 01052caa a22002417a 4500
999 _c409846
_d409846
001 123069
003 UA-OsUOA
005 20200111200655.0
007 ta
008 20170530b un ||||| |||| 00| 0 ukr d
040 _aUA-OsUOA
_bukr
_cUA-OsUOA
_dUA-OsUOA
041 _aukr
080 _a908
090 _a908
_bБ81
100 _aБондарчук Я.
245 _aКнига Василя Суразька (Малюшицького) "О единой истинной православной вере..." (написана в Острозі) — видатна пам'ятка філософської та полемічної думки в Україні XVI століття
_cЯ. Бондарчук
300 _aС. 162–165
650 7 _a908 Краєзнавство
_2UDC
773 0 _0315674
_9328251
_dОстрог-Нью-Йорк УІТ 1999
_o91190
_tОсягнення історії
_w(UA-OsUOA) 29291
_z966-95166-7-6
942 _cBKA
_2udc
955 _a1